Innowacje w organizacjach gospodarczych wstep do analizy porównawczej

Gespeichert in:
Bibliographische Detailangaben
1. Verfasser: Solarz, J.K
Format: Buch
Sprache:Polnisch
Veröffentlicht: Warszawa Wydawnictwo Ekon. 1981
Schriftenreihe:Biblioteka kadr kierowniczych
Tags: Tag hinzufügen
Keine Tags, Fügen Sie das erste Tag hinzu!

MARC

LEADER 00000nam a2200000 4500
001 c137856
005 20041019155311.3
041 0 |a pol 
044 |a PL 
245 1 0 |a Innowacje w organizacjach gospodarczych  |b wstep do analizy porównawczej  |c J.K. Solarz 
264 1 |a Warszawa  |b Wydawnictwo Ekon.  |c 1981 
300 |a 190 s. 
490 1 |a Biblioteka kadr kierowniczych 
830 0 |a Biblioteka kadr kierowniczych 
100 1 |a Solarz, J.K.